000 00289nam a2200121 a 4500
001 4140
005 20140414131904.0
008 090218s19uu xx 00 eng d
050 _aFIC
_bP26 1992
100 _aMueller, Kate
245 _aPassport, Bk. 2 :
_bforgotten days.
999 _c110832
_d110832